The glass slipper and other stories

Guardat en:
Dades bibliogràfiques
Autor principal: Yasuoka, Shotaro (Autor)
Format: Llibre
Idioma:anglès
Publicat: Urbana Dalkey Archive Press 2008
Matèries:
Etiquetes: Afegir etiqueta
Sense etiquetes, Sigues el primer a etiquetar aquest registre!

MARC

LEADER 00000nam a2200000 a 4500
001 UCH1024
003 CL-VaPUC
008 090402e20080000US |||||||||||||||||eng|d
020 |a 1564785041 
082 0 4 |a 895.6  |b YAS  |2 21 
100 0 |a Yasuoka, Shotaro  |e author  |9 535354 
245 1 4 |a The glass slipper and other stories 
300 |a 146 p 
942 |c BK 
945 |d 20090402 00:00:00  |a dcastane 
260 |a Urbana  |b Dalkey Archive Press  |c 2008 
500 |a Traducido al español por Royall Tyler 
650 0 |a Literatura japonesa  |9 266543 
583 |a last modification  |c 20150327 10:09:49  |k Rodrigo Vera 
999 |c 333119  |d 333117 
952 |0 0  |1 0  |4 0  |6 895_600000000000000_YAS_2008  |7 0  |8 A  |9 421304  |a BIBGIM  |b BIBGIM  |d 2019-11-22  |i 452487K  |l 1  |o 895.6 YAS 2008  |p 452487K  |r 2025-01-15  |s 2023-12-13  |w 2019-11-22  |y BK  |k ORI